LEADER 01274nam2 2200325 450 001 000029328 005 20210706102006.0 010 $a90-411-1525-0$bvol. 8.2 100 $a20130205d2000----km-y0itay50------ba 101 0 $aeng 102 $aNL 105 $ay-------001yy 200 1 $a<>protection of human rights in Europe V. 8/II$fEuropean University Institute of Florence$gAcademy of European Law$v1997, Vol. VIII, book 2 210 $aThe Hague$aBoston$aLondon$cKluwer Law International$d2000 215 $aXIX, 226 p.$d25 cm 225 2 $aCollected courses of the Academy of European Law$dRecueil des cours de l'Académie de droit européen$v8.2 410 0$12001$aCollected courses of the Academy of European Law$v8.2 461 0$1001000008547 500 10$a<>protection of human rights in Europe$957831 610 1 $aDiritti dell'uomo 610 1 $aDiritto intenazionale 676 $a341.481026$v21 676 $a342.0873$v21 712 02$aEuropean University Institute of Florence 712 02$aAcademy of European law 801 0$aIT$bUNIPARTHENOPE$c20130205$gRICA$2UNIMARC 912 $a000029328 951 $aScaffale 120 CAEL 341 VIII/2$b34939$cNAVA1$d2013 996 $aProtection of human rights in Europe$957831 997 $aUNIPARTHENOPE